000 00331nam a22001217a 4500
008 181127b xxu||||| |||| 00| 0 eng d
041 _aeng
080 _a043.3
100 _a0
101 _aBTH-SHKI
245 _aZhvillimi i Ueb-Aplikacionit për vlerësimin dhe mbledhjen e rezultateve të me MBTI
_cRamadani,K
942 _2udc
_cBK
999 _c52545
_d52545